000 00211nam a2200097Ia 4500
008 240331s9999 xx 000 0 und d
082 _bPAT
100 _aPaththinathan,T
245 0 _aPoorin ma rupakkam
942 _cL
999 _c4633
_d4633